000
00284nam a22001097a 4500
082
_a
894.812
_b
DEP/M
100
_a
DEPT OF EDUCATION, GOVT OF KERALA
245
_a
MALAYALAM MANASWINI, PREMASANGEETHAM
260
_a
TRIVANDRUM
_b
SIET KERALA
650
_a
MALAYALAM VCD
_z
KERALA
942
_c
BK
999
_c
7963
_d
7963